00366nam a2200145Ia 4500008004100000020001500041041001200056082001100068100001600079245004500095260004000140300000800180650001600188700001600204221030s9999 xx 000 0 und d a8131707173 aEnglish a105.23 aP. Adriaans 0aData Miningcby P. Adriaans, D. Zantinge bPearson EducationaNew Delhic2011 a166 aBE Computer aD. Zantinge